Dialektika posudzování zdravotní způsobilosti k práci

Bibliographic Details
Main Authors: Munz, Jan (Author), Munzová, Jarmila (Author)
Format: Article
Language:Slovak
Subjects:

MARC

LEADER 00000nab a2200000 a 4500
001 vtls000358338
003 SK-MaSNL
005 20260302223643.0
008 111201c1989 xo 0 slo
015 |a SNBRB19rr/mm-uuuuu 
035 |a CL0358460 
040 |a SNKBUCL  |b slo  |c SNKBUCL  |e AACR2 
041 0 |a slo 
044 |a xo  |c SK 
080 |a 362.1  |2 1981 
100 1 |a Munz, Jan  |4 aut  |9 294097 
245 1 0 |a Dialektika posudzování zdravotní způsobilosti k práci  |c Jan Munz, Jarmila Munzová 
650 0 7 |a pracovná schopnosť znížená  |2 snkbucl  |9 953634 
650 0 7 |a spôsobilosť zdravotná  |2 snkbucl  |9 953635 
655 7 |a články z novín a časopisov  |2 snkbucl  |9 267496 
700 1 |a Munzová, Jarmila  |4 aut  |9 953636 
773 0 |t Sociálna politika  |g Roč. 15, č. 7 (1989), s. 21-22 
850 |a Slovenská národná knižnica v Martine  |a MTA001 
852 |a SNK  |b KIS3GCP 
958 |a RK 
992 |a RBX 
999 |c 1521269  |d 1523199